000 01044cam a2200313 a 4500
001 14953807
003 URS
005 20260326151013.0
008 070806s2008 moua b 001 0 eng
010 _a 2007934622
015 _aGBA805554
_2bnb
016 7 _a014105592
_2Uk
020 _a9780323040174
_qhbk.
040 _aUKM
_cUKM
_dBTCTA
_dBAKER
_dBWX
_dYDXCP
_dURS
_beng
_erda
050 1 4 _aGV711
_b.Sch361 2008
100 1 _aSchlabach, Gretchen A.
245 1 0 _aProfessional ethics in athletic training /
_cby Gretchen A. Schlabach, Kimberly S. Peer.
260 _a
264 1 _aSt. Louis, Mo. :
_bMosby,
_cc2008.
300 _axxiii, 300 pages :
_billustrations ;
_c24 cm
336 _atext
_btxt
_2rdacontent
337 _aunmediated
_bn
_2rdamedia
338 _avolume
_bnc
_2rdacarrier
500 _aIncludes index.
504 _aIncludes bibliographical references and index.
650 0 _aCoaches (Athletics)
_xProfessional ethics.
700 1 _aPeer, Kimberly S.
942 _2lcc
_cFR
_hGV711
_i.Sch361 2008
999 _c99267
_d99264